Church courts, sex, and marriage in England, 1570-1640

Αποθηκεύτηκε σε:
Λεπτομέρειες βιβλιογραφικής εγγραφής
Κύριος συγγραφέας: Ingram, Martin
Μορφή: Βιβλίο
Γλώσσα:English
Δημοσίευση: Cambridge : Cambridge University Press, 1987
Σειρά:Past and present publications
Θέματα:
Ετικέτες: Προσθήκη ετικέτας
Δεν υπάρχουν, Καταχωρήστε ετικέτα πρώτοι!

MARC

LEADER 00000nam a2200000 i 4500
001 1/88193
008 080609r19941987 eng d
020 |a 0-521-38655-1 
035 |l 10098055 
040 |a GR-MY-UA  |b gre  |e aacr 
041 0 |a eng 
082 0 |a 262.9  |2 (22) 
100 1 |a Ingram, Martin. 
245 1 0 |a Church courts, sex, and marriage in England, 1570-1640 /  |c Martin Ingram 
260 |a Cambridge :   |b Cambridge University Press,   |c 1987 
300 |a xiii, 412 σ.;  |b πίν. ;  |c 22 εκ. 
490 1 |a Past and present publications 
504 |a Βιβλιογραφία: σ. 375-392 
504 |a Ευρετήριο: σ. 393-412 
650 0 0 |a Ecclesiastical courts  |z Great Britain  |x History. 
650 0 0 |a Marriage law  |z Great Britain  |x History. 
650 0 0 |a Sex crimes  |z Great Britain  |x History. 
830 0 |a Past and present publications 
852 |a INST  |b LESVOS  |e 20080609  |h 262.9 ING  |p 005100042614  |q 005100042614  |t BK  |y 0 
901 |a BIBL1-2008-2 
909 |a Λ  |b 145018 
922 |a 1ΕΛΗ  |b 200801  |c ΕΠΕΑΕΚ2/ΤΚΑ  |d ΕΛΕΥΘΕΡΟΥΔΑΚΗΣ 
970 |a ΧΑΤΖΗΜΙΧΑΗΛ  |b ΜΑΡΙΑ  |z 2008/06/09